| 000 | 02099nam a22003497a 4500 | ||
|---|---|---|---|
| 001 | 42835 | ||
| 003 | gtgccic | ||
| 005 | 20251114154250.0 | ||
| 007 | ta | ||
| 008 | 251114b gt ||||| |||| 00| 0 spa d | ||
| 040 |
_agtgccic _bspa _cgtgccic _erda |
||
| 084 | _0TPI-17-0119 | ||
| 100 | 1 | 0 |
_aSergio Andrés Ordóñez Villatoro _dIngeniero Mecánico _eautor |
| 245 | 1 | 0 |
_aDiseño de sistema de calentadores de GLP para mejorar la eficiencia energética de calentamiento de agua, _bsustituyendo caldera pirotubular que utiliza combustible bunker / _cOrdóñez Villatoro, Sergio Andrés |
| 264 | 1 |
_aGuatemala, Guatemala : _bUSAC, Facultad de Ingeniería ; _c2017.- |
|
| 300 |
_axxvii,53 p. : _bil. ; _c27 cm |
||
| 336 |
_2rdacontenido _aTexto _btxt |
||
| 337 |
_2rdamedio _asin mediación _bn |
||
| 338 |
_2rdasoporte _avolumen _bnc |
||
| 502 |
_aTesis Postgtrado _bMAESTRO EN ARTES EN ENERGÍA Y AMBIENTE _cUSAC, Facultad de Ingeniería, Escuela de Postgrado _d2017 _oTPI-17-0119 |
||
| 504 | _aBibliografía pag. 49 | ||
| 505 | _t1. MARCO TEÓRICO | ||
| 505 | _t2. DESARROLLO DE LA INVESTIGACIÓN (combustibles y precios en Guatemala) | ||
| 505 | _t3. PRESENTACIÓN DE RESULTADOS | ||
| 505 | _t4. DISCUSIÓN DE RESULTADOS | ||
| 520 | 3 | _aEl proceso de uso de agua caliente sanitaria o ACS es de los más utilizados en las distintas industrias principalmente alimentos y lavado, por lo que anualmente se tienen gastos elevados para poder mantenerlos en operación ya que son de uso diario y de gran volumen, por consecuente de elevada cantidad de combustible para satisfacer la demanda necesaria. En Guatemala en los últimos años ha aumentado el uso de combustibles tanto residencial como industrialmente por lo que en ese período de tiempo el MEM ha estado en constante diálogo con empresas distribuidoras y expendios consumidores y con esto se ha logrado la estabilización de precios según lo solicitado por esta entidad. | |
| 650 | _aINDUSTRIA ENERGÉTICA | ||
| 650 | _aCALDERAS | ||
| 700 |
_aMBA. Carlos Estuardo Ordóñez Villatoro _easesor |
||
| 942 |
_2ddc _cTPS |
||
| 945 | _aamlo | ||
| 999 |
_c2533 _d2533 |
||